Physics of Materials/ (Record no. 198256)
[ view plain ]
| 000 -LEADER | |
|---|---|
| fixed length control field | 00872nam a22002537a 4500 |
| 005 - DATE AND TIME OF LATEST TRANSACTION | |
| control field | 20230918113529.0 |
| 010 ## - LCCN (DPL NO) | |
| LC control number | ENG-138089 |
| 020 ## - INTERNATIONAL STANDARD BOOK NUMBER | |
| International Standard Book Number | 9789356067783 |
| Terms of availability | 899.00 |
| 035 ## - SYSTEM CONTROL NUMBER | |
| System control number | EN-121621 |
| 037 ## - SOURCE OF ACQUISITION | |
| Source of stock number/acquisition | DBAD/PUB |
| 082 ## - DEWEY DECIMAL CLASSIFICATION NUMBER | |
| Classification number | 530 |
| Edition number | First |
| 100 ## - MAIN ENTRY--PERSONAL NAME | |
| Personal name | Jindal, U.C |
| 245 ## - TITLE STATEMENT | |
| Title | Physics of Materials/ |
| Statement of responsibility, etc | By U.C Jindal...[et.al] |
| 250 ## - EDITION STATEMENT | |
| Edition statement | First |
| 260 ## - PUBLICATION, DISTRIBUTION, ETC. (IMPRINT) | |
| Place of publication, distribution, etc | Uttar Pradesh |
| Name of publisher, distributor, etc | Pearson India Education Services Pvt. Ltd. |
| Date of publication, distribution, etc | 2023 |
| 270 ## - ADDRESS | |
| Address | 1st Floor, Berger Tower, Plot No. C-001A/2, Sector 16B |
| City | Noida (Uttar Pradesh) |
| Postal code | 201301 |
| 300 ## - PHYSICAL DESCRIPTION | |
| Extent | v.p. |
| Dimensions | 24cm(pbk) |
| Other physical details | Index |
| 700 ## - ADDED ENTRY--PERSONAL NAME | |
| Personal name | Mozumder, Atish |
| Relator term | Author |
| 9 (RLIN) | 56784 |
| 700 ## - ADDED ENTRY--PERSONAL NAME | |
| Personal name | Jothilaksmi, R |
| Relator term | Author |
| 9 (RLIN) | 56785 |
| 700 ## - ADDED ENTRY--PERSONAL NAME | |
| Personal name | Reddy, C Parthasaradhi |
| Relator term | Author |
| 9 (RLIN) | 56786 |
| 700 ## - ADDED ENTRY--PERSONAL NAME | |
| Personal name | J.Paul Praveen |
| Relator term | Contributor |
| 9 (RLIN) | 56787 |
| 700 ## - ADDED ENTRY--PERSONAL NAME | |
| Personal name | G Murugean |
| Relator term | Contributor |
| 9 (RLIN) | 56788 |
| 942 ## - ADDED ENTRY ELEMENTS (KOHA) | |
| Source of classification or shelving scheme | Dewey Decimal Classification |
| Item type | English Books |
| Classification part | 530 |
| Call number suffix | JIN |
| Withdrawn status | Lost status | Not for loan | Collection code | Home library | Current library | Date acquired | Source of acquisition | Cost, normal purchase price | Full call number | Barcode | Copy number | Cost, replacement price | Koha item type |
|---|---|---|---|---|---|---|---|---|---|---|---|---|---|
| Non-fiction | Sarojini Nagar | Sarojini Nagar | 18/09/2023 | DBAD/PUB | 899.00 | 530 JIN | EN-121621 | 1 | 899.00 | English Books |
